Privatizačné výnosy určia vývoj ponuky peňazí

Predstavenie Menového programu NBS na rok 2001. Základné parametre - jadrová inflácia, koncoročná miera inflácie, priemerná ročná inflácia, rast HDP v stálych cenách, deficit bežného účtu, medziročný rast peňažnej zásoby v bežnom kurze. Zmeny menového inštrumentária NBS. Cenový vývoj, spotreba. Preb...

Descrizione completa

Salvato in:
Dettagli Bibliografici
Autore principale: Suďa, Pavol
Natura: Capitolo di libro
Lingua:slovacco
Soggetti:
Tags: Aggiungi Tag
Nessun Tag, puoi essere il primo ad aggiungerne!!

MARC

LEADER 00000naa a2200000 4500
001 r040325
005 20230921110247.0
041 0 |a slo 
044 |a SK 
245 1 0 |a Privatizačné výnosy určia vývoj ponuky peňazí  |c Pavol Suďa 
520 |a Predstavenie Menového programu NBS na rok 2001. Základné parametre - jadrová inflácia, koncoročná miera inflácie, priemerná ročná inflácia, rast HDP v stálych cenách, deficit bežného účtu, medziročný rast peňažnej zásoby v bežnom kurze. Zmeny menového inštrumentária NBS. Cenový vývoj, spotreba. Prebudenie domáceho dopytu. Vývoj peňažného agregátu M2 (ponuka peňazí). 
610 2 0 |a program menový 
610 2 0 |a inflácia 
610 2 0 |a inflácia jadrová 
610 2 0 |a produkt domáci hrubý 
610 2 0 |a ceny 
610 2 0 |a deficit 
610 2 0 |a zásoba peňažná 
610 2 0 |a spotreba 
610 2 0 |a dopyt domáci 
610 2 0 |a agregáty menové 
610 2 0 |a privatizácia 
610 2 0 |a výnosy 
610 2 0 |a NBS Bratislava 
610 2 0 |a 2001 
100 1 |a Suďa, Pavol